Furthest Apart Capitals: Oceania Quiz Stats

 Plays Quiz not verified by Sporcle

Challenge
Share
Tweet
Embed
Score 0/10 Timer 03:00
0 Plays Today
Capitals % Correct
Wellington - Majuro
66.9%
Wellington - Palikir
65.2%
Canberra - Tarawa
62.2%
Canberra - Majuro
61.4%
Canberra - Palikir
60.4%
Wellington - Ngerulmud
57.5%
Canberra - Ngerulmud
51%
Ngerulmud - Apia
42.1%
Nuku'alofa - Ngerulmud
40%
Ngerulmud - Suva
39.2%

You're not logged in!

Compare scores with friends on all Sporcle quizzes.
Join for Free
OR
Log In

You Might Also Like...

Show Comments

Extras

Editor's Pick Jun 26, 2018ReportNominate
Tags:Capital Quiz, Oceania Quiz, distance

Top Quizzes Today


Score Distribution

Your Account Isn't Verified!

In order to create a playlist on Sporcle, you need to verify the email address you used during registration. Go to your Sporcle Settings to finish the process.

Report this User

Report this user for behavior that violates our Community Guidelines.

Details: